EU countries that only border other EU countries - Statistics

General Stats
  • This quiz has been taken 61 times
    25 since last reset
  • The average score is 6 of 7
Answer Stats
Answer % Correct
Belgium
95%
Netherlands
90%
Denmark
86%
Luxembourg
81%
Portugal
76%
Czechia
67%
Slovenia
67%
No matching quizzes found
Score Distribution
Percent of People with Each Score
Percentile by Number Answered
Your Score History
You have not taken this quiz since the last reset